|
|
|
|
| LEADER |
00000nam0a2200000 4500 |
| 001 |
269288 |
| 005 |
20231101234236.0 |
| 035 |
|
|
|a (RuTPU)RU\TPU\book\292462
|
| 090 |
|
|
|a 269288
|
| 100 |
|
|
|a 20140916d1985 k y0rusy50 ca
|
| 101 |
0 |
|
|a rus
|
| 102 |
|
|
|a GE
|
| 105 |
|
|
|a a z 001zy
|
| 200 |
1 |
|
|a Новое оборудование для производства электрических машин малой мощности
|e сборник научных трудов
|f Всесоюзный научно-исследовательский проектно-конструкторский институт технологии электрических машин малой мощности (ВНИИТМЭ) ; гл. ред. Э. Г. Герсамия
|
| 210 |
|
|
|a Тбилиси
|c Изд-во ВНИИТМЭ
|d 1985
|
| 215 |
|
|
|a 90 с.
|c ил.
|
| 320 |
|
|
|a Библиография в конце статей
|
| 606 |
1 |
|
|a Электрические машины малой мощности
|2 stltpush
|3 (RuTPU)RU\TPU\subj\27183
|9 50977
|
| 610 |
1 |
|
|a производство
|
| 610 |
1 |
|
|a оборудование
|
| 610 |
1 |
|
|a гибкие производственные модули
|
| 610 |
1 |
|
|a виброзащитные устройства
|
| 610 |
1 |
|
|a коллекторы
|
| 610 |
1 |
|
|a якори
|
| 610 |
1 |
|
|a электродвигатели
|
| 610 |
1 |
|
|a магнитопроводы
|
| 610 |
1 |
|
|a статоры
|
| 610 |
1 |
|
|a обмотки
|
| 610 |
1 |
|
|a бытовые машины
|
| 610 |
1 |
|
|a полюсные наконечники
|
| 610 |
1 |
|
|a намагничивание
|
| 610 |
1 |
|
|a размагничивание
|
| 610 |
1 |
|
|a конденсаторные батареи
|
| 675 |
|
|
|a 621.313-181.48
|v 3
|
| 702 |
|
1 |
|a Герсамия
|b Э. Г.
|4 651
|
| 712 |
0 |
2 |
|a Всесоюзный научно-исследовательский проектно-конструкторский институт технологии электрических машин малой мощности (ВНИИТМЭ)
|c (Тбилиси, Грузия)
|2 stltpush
|3 (RuTPU)RU\TPU\col\19292
|
| 801 |
|
1 |
|a RU
|b 63413507
|c 20140916
|
| 801 |
|
2 |
|a RU
|b 63413507
|c 20161130
|g RCR
|
| 942 |
|
|
|c BK
|